Collective animals Quiz Stats

Quiz not verified by Sporcle

Challenge
Share
Tweet
Embed
Score 0/20 Timer 07:00
0 Plays Today
Animal Collective Name % Correct
ElephantsMemory
100%
CrowsMurder
68.4%
JellyfishSmack
52.6%
ZebrasZeal
42.1%
MolesCompany
31.6%
GoldfinchesCharm
26.3%
RattlesnakesRhumba
26.3%
HummingbirdsCharm
26.3%
RooksStorytelling
21.1%
RaccoonsGaze
15.8%
Animal Collective Name % Correct
ChimpanzeesCartload
15.8%
FerretsBusiness
10.5%
PeacocksOstentation
10.5%
CrocodilesCongregation
10.5%
GnusImplausibility
5.3%
TurtlesBale
5.3%
StarlingsMurmuration
5.3%
NightingalesWatch
5.3%
ColtsRag
5.3%
DotterelTrip
5.3%

You're not logged in!

Compare scores with friends on all Sporcle quizzes.
Sign Up with Email
OR
Log In

You Might Also Like...

Show Comments

Extras

Top Quizzes Today


Score Distribution

Your Account Isn't Verified!

In order to create a playlist on Sporcle, you need to verify the email address you used during registration. Go to your Sporcle Settings to finish the process.

Report this User

Report this user for behavior that violates our Community Guidelines.

Details: